| 000 | 00716nam a22002297a 4500 | ||
|---|---|---|---|
| 005 | 20170124105941.0 | ||
| 010 | _aA-710020 | ||
| 020 | _c00.00 | ||
| 035 | _aA-710020 | ||
| 037 | _bCen Lib/Ret | ||
| 040 |
_aDPL _bEN |
||
| 082 |
_a230.46 _2SAH |
||
| 100 |
_aSahi, Jyoti _911173 |
||
| 245 |
_aChild and the serpent : _cby Jyoti Sahi _breflections on popular indian symbols / |
||
| 260 |
_aBanglore _bAsian Trading Corporation _c1994 |
||
| 270 |
_bBanglore _a150, Brigade Road _e560025 |
||
| 300 |
_a218p. _c22cm(Hb) |
||
| 500 | _aIncludes bibliographical references and index | ||
| 650 |
_aHindu symbolism _y _911174 |
||
| 650 |
_aHinduism _zIndia _911175 |
||
| 942 |
_2ddc _cEN _h230.46 _mSHA |
||
| 999 |
_c124563 _d124563 |
||